THE BEHAVIOR OF THIN WALLED STRUCTURES (Record no. 546724)
[ view plain ]
| 000 -LEADER | |
|---|---|
| fixed length control field | 00551 a2200169 4500 |
| 020 ## - INTERNATIONAL STANDARD BOOK NUMBER | |
| International Standard Book Number | 90-247-3663-3 |
| 082 ## - DEWEY DECIMAL CLASSIFICATION NUMBER | |
| Classification number | 624.177 VIN |
| Author Mark | L-20-P-195 |
| 090 ## - LOCALLY ASSIGNED LC-TYPE CALL NUMBER (OCLC); LOCAL CALL NUMBER (RLIN) | |
| -- | 2785 |
| -- | 2785 |
| 100 ## - MAIN ENTRY--PERSONAL NAME | |
| Personal name | VINSON, JACK R |
| 9 (RLIN) | 42917 |
| 245 ## - TITLE STATEMENT | |
| Title | THE BEHAVIOR OF THIN WALLED STRUCTURES |
| Remainder of title | BEAMS,PLATES AND SHELLS |
| 260 ## - PUBLICATION, DISTRIBUTION, ETC. | |
| Place of publication, distribution, etc. | LONDON |
| Name of publisher, distributor, etc. | KLUWER ACADEMIC PUBLISHERS |
| Date of publication, distribution, etc. | 1989 |
| 300 ## - PHYSICAL DESCRIPTION | |
| Extent | XII, 182P. |
| Dimensions | 24CM |
| 500 ## - GENERAL NOTE | |
| General note | STRUCTURES BEAMS |
| 526 ## - STUDY PROGRAM INFORMATION NOTE | |
| Program name | 0 |
| Interest level | 0 |
| Reading level | 0 |
| Title point value | 624_177000000000000_VIN_L20P19 |
| 526 ## - STUDY PROGRAM INFORMATION NOTE | |
| Program name | 0 |
| Interest level | 0 |
| Reading level | 0 |
| Title point value | 624_177000000000000_VIN_L20P19 |
| 942 ## - ADDED ENTRY ELEMENTS (KOHA) | |
| Source of classification or shelving scheme | |
| Institution code [OBSOLETE] | MCE |
| Koha item type | |
| Call number prefix | 624.177 VIN |
| Withdrawn status | Lost status | Source of classification or shelving scheme | Damaged status | Not for loan | Permanent Location | Current Location | Date acquired | Total Checkouts | Full call number | Barcode | Date last seen | Price effective from | Koha item type |
|---|---|---|---|---|---|---|---|---|---|---|---|---|---|
| Military College of Engineering (MCE) | Military College of Engineering (MCE) | 06/18/2014 | 624.177 VIN L-20-P-195 | MCE-27870 | 06/18/2014 | 06/18/2014 | |||||||
| Military College of Engineering (MCE) | Military College of Engineering (MCE) | 06/18/2014 | 624.177 VIN L-20-P-195 | MCE-27640 | 06/18/2014 | 06/18/2014 |
